| 000 | 00667nam a2200229 a 4500 | ||
|---|---|---|---|
| 001 | BRCA_7697 | ||
| 005 | 20190320205942.0 | ||
| 008 | 230813s1953----enka######---#000-0#eng-# | ||
| 041 | _aeng | ||
| 044 | _aenk | ||
| 050 | 4 |
_aNK7143 _b.A33 1953 |
|
| 245 | 1 | 0 |
_aAdam Silver _cVictoria and Albert Museum. |
| 260 |
_aLondres _bH. M. Stationery Officce _c1953 |
||
| 300 |
_a1 v. _bil., 30 láminas _c18 cm. |
||
| 440 | 0 |
_aIt´s small picture book _v35 _919021 |
|
| 500 | _aU34 | ||
| 650 | 1 | 4 |
_aPlatería _zGran Bretaña _99227 |
| 650 | 1 | 4 |
_aGalerías y museos _zInglaterra _919022 |
| 710 | 2 |
_aVictoria and Albert Museum (Londres) _919023 |
|
| 902 | _aGFM | ||
| 942 |
_2lcc _cB |
||
| 999 |
_c7371 _d7371 |
||